Music Quiz

Random Music or Kpop Quiz

Name the Kpop Mv (Big Bang Edition ) Quiz Stats

Quiz not verified by Sporcle

Challenge
Share
Tweet
Score 0/14 Timer 12:00
0 Plays Today
% Correct
Bang Bang Bang
98.6%
Loser
94.4%
Fantastic Baby
91.3%
Sober
87.6%
Bae bae
87.3%
Zutter
86.5%
We like 2 party
85.1%
% Correct
Bad Boy
84.5%
Lets not fall in love
79.2%
Good boy
79.2%
Crayon
77.6%
Ringa linga
68.3%
Love song
64.6%
Blue
60.3%

You're not logged in!

Compare scores with friends on all Sporcle quizzes.
Join for Free
OR
Log In

You Might Also Like...

Show Comments

Extras

Created May 19, 2016ReportNominate
Tags:Kpop Quiz, big bang, Kpop Quiz

Top Quizzes Today


Score Distribution

Your Account Isn't Verified!

In order to create a playlist on Sporcle, you need to verify the email address you used during registration. Go to your Sporcle Settings to finish the process.

Report this User

Report this user for behavior that violates our Community Guidelines.

Details: